|
|
|
|
| LEADER |
00938nam a2200289 4500 |
| 001 |
DLU130155896 |
| 005 |
##20131030 |
| 040 |
# |
# |
|a DLU
|b vie
|
| 041 |
# |
# |
|a vie
|
| 044 |
# |
# |
|a vn
|
| 100 |
# |
# |
|a Hồng Vân.
|
| 245 |
# |
# |
|a Công ty gốm xây dựng Hạ Long địa chỉ đáng tin cậy, đi đầu trong công tác đào tạo bồi dưỡng CBCNV /
|c Hồng Vân, Phương Linh, Thúy Lâm.
|
| 653 |
# |
# |
|a Khoa học công nghệ
|
| 653 |
# |
# |
|a Phát triển nguồn nhân lực
|
| 653 |
# |
# |
|a Thương hiệu
|
| 700 |
# |
# |
|a Phương Linh.
|
| 700 |
# |
# |
|a Thúy Lâm.
|
| 773 |
# |
# |
|t Tạp chí Dạy và học ngày nay
|g Số 1-2, 2005, tr. 91-92
|
| 920 |
# |
# |
|a Phòng Tạp chí -- Trung tâm Thông tin - Thư viện Trường Đại học Đà Lạt
|
| 994 |
# |
# |
|a DLU
|
| 900 |
# |
# |
|a True
|
| 911 |
# |
# |
|a Nguyễn Thị Linh Chi
|
| 925 |
# |
# |
|a G
|
| 926 |
# |
# |
|a A
|
| 927 |
# |
# |
|a BB
|
| 980 |
# |
# |
|a Thư viện Trường Đại học Đà Lạt
|